[Event "Topusko op 4th"]
[Site "Topusko"]
[Date "2015.08.05"]
[Round "6"]
[White "Krakar, Niko"]
[Black "Krakar, Matko"]
[Result "1/2-1/2"]
[WhiteElo "1628"]
[BlackElo "1420"]
[PlyCount "56"]
[EventDate "2015.08.01"]
[EventType "swiss"]
[EventRounds "9"]
[EventCountry "CRO"]
[SourceTitle "CBM 167 Extra"]
[Source "ChessBase"]
[SourceDate "2015.09.14"]
[SourceVersion "1"]
[SourceVersionDate "2015.09.14"]
[SourceQuality "1"]

1. e4 e5 2. Nf3 Nc6 3. Bb5 Bc5 4. 0-0 Nd4 5. b4 Bxb4 6. Nxd4 exd4 7. Bb2 Bc5 8. c3 dxc3 9. Nxc3 c6 10. Bc4 Qg5 11. d4 Bb6 12. f4 Qh4 13. Qd3 Nh6 14. Ne2 0-0 15. Qg3 Qxg3 16. Nxg3 Re8 17. Kh1 d6 18. f5 Ng4 19. Rae1 Kf8 20. h3 Nh6 21. e5 dxe5 22. dxe5 Re7 23. e6 f6 24. Rd1 Re8 25. Rf3 Bc5 26. a4 b6 27. Rfd3 Be7 28. Bc1 Ng8 1/2-1/2